000
00259nam a2200097Ia 4500
001
1208295
005
20250827022843.0
008
250824s9999 xx 000 0 und d
245
0
_a
GÜLÜNÇ HAKİKATLER
_c
OSMAN YÜKSELSERDENGEÇTİ
260
_b
TEDEV YAYINLARI
999
_c
1208295
_d
1208295